000 00753cam a2200229 a 4500
001 000010092
005 20200929161835.0
008 800816s1980 ve 000 0 spa
040 _aDO-SdBNP
_bspa
_cDLC
_dBNPHU
082 _aVe862.44
_bCH545m
100 1 _aChocron, Isaac,
_d1932-
_925076
245 1 0 _aMesopotamia /
_cIsaac Chocron.
260 _aCaracas, Venezuela :
_bEditorial Ateneo de Caracas,
_c1980.
300 _a110 p. ;
_a23 cm.
490 1 _aTeatro venezolano contemporaneo
586 _aPremio Nacional de teatro, 1979
650 4 _aTeatro venezolano
_ySIGLO XX
_95609
650 4 _aLiteratura venezolana
_ySIGLO XX
_99777
830 0 _aTeatro venezolano contemporaneo.
_925077
910 _aCatalogación por copia / LC
049 _aBNGR
999 _c9851
_d9851